|
|
|
|
| LEADER |
00000nas a2200000 a 4500 |
| 001 |
ssj0006248 |
| 003 |
WaSeSS |
| 005 |
20200512172242.0 |
| 006 |
m d |
| 007 |
cr n |
| 008 |
861013c19869999enkmr p si 0 a0eng c |
| 010 |
|
|
|a 89661007
|z sn 87022039
|
| 015 |
|
|
|a GB8744451
|2 bnb
|
| 016 |
|
|
|a (AMICUS)000007694954
|
| 016 |
7 |
|
|a 011812650
|2 Uk
|
| 022 |
|
|
|l 0265-9220
|y 0265-9220
|
| 035 |
|
|
|a (WaSeSS)ssj0006248
|
| 040 |
|
|
|a UMC
|b eng
|c UMC
|d FUG
|d IUL
|d NST
|d HUL
|d DLC
|d NST
|d DLC
|d NST
|d HUL
|d NSD
|d OCLCQ
|d NLGGC
|d OCLCQ
|d DLC
|d UKMGB
|d OCLCQ
|d OCLCF
|d OCLCO
|d NLC
|d OCLCQ
|d WaSeSS
|
| 042 |
|
|
|a pcc
|a nsdp
|
| 050 |
0 |
0 |
|a Z5813
|b .C66
|a L16
|
| 082 |
0 |
0 |
|a 016.37/05
|2 20
|
| 210 |
0 |
|
|a Contents pages educ.
|
| 222 |
|
0 |
|a Contents pages in education
|
| 245 |
0 |
0 |
|a Contents pages in education
|h [electronic resource].
|
| 260 |
|
|
|a [Abingdon, Oxfordshire] :
|b Carfax Pub. Co.,
|c 1986-
|
| 310 |
|
|
|a Monthly
|
| 362 |
0 |
|
|a Vol. 1, no. 1-
|
| 500 |
|
|
|a Title from cover.
|
| 500 |
|
|
|a "Monthly access to the world's education periodicals."
|
| 506 |
|
|
|a License restrictions may limit access.
|
| 515 |
|
|
|a Vol. 1 consists of 18 issues from July 1986 to Dec. 1987.
|
| 555 |
|
|
|a Cumulative indexes included in issues at 6- and 12-monthly intervals.
|
| 588 |
|
|
|a According to vendor, ceased after Dec. 31, 2011, vol. 25, issue 12.
|5 DLC
|
| 588 |
|
|
|a Latest issue consulted: Vol. 1, no. 6, published in 1986.
|
| 650 |
|
0 |
|a Education
|x Periodicals
|v Indexes
|v Periodicals.
|
| 650 |
|
7 |
|a Education
|x Periodicals.
|2 fast
|0 (OCoLC)fst00902717
|
| 650 |
1 |
7 |
|a Onderwijs.
|2 gtt
|
| 650 |
1 |
7 |
|a Pedagogiek.
|2 gtt
|
| 653 |
|
|
|a Education
|a Serial articles
|a Indexes
|a Serials
|
| 655 |
|
0 |
|a Electronic journals.
|
| 850 |
|
|
|a CU-I
|a CaMWU
|a DLC
|a FU
|a ICarbS
|a InU
|a MdU
|a MnU
|a NRU
|
| 856 |
4 |
0 |
|z Full text available from Research Library: 11/01/1998 to 11/30/2000
|u https://search.proquest.com/publication/32874
|